|
|
|
|
| LEADER |
01277nam a2200313 a 4500 |
| 001 |
000011563 |
| 003 |
CZ BrMZK |
| 005 |
20190906085223.0 |
| 007 |
ta |
| 008 |
940121s1993 xr f cze d |
| 015 |
|
|
|a cnb000082552
|
| 020 |
|
|
|a 80-2020452-0
|c 66.00
|
| 040 |
|
|
|a BOA001
|b cze
|
| 080 |
|
|
|a 929 Menšík, Vladimír
|2 MRF
|
| 080 |
|
|
|a 791.44.071.2(437.1)"19":92 Menšík, Vladimír
|2 MRF
|
| 100 |
1 |
|
|a Menšík, Vladimír,
|d 1929-1988
|7 jz8600645
|
| 245 |
1 |
0 |
|a Stromeček mého veselého života /
|c Uspoř. a k vyd. připr. Olga Menšíková ; Kres. ...
|
| 250 |
|
|
|a 1. vyd.
|
| 260 |
|
|
|a Praha :
|b Český spisovatel,
|c 1993
|
| 300 |
|
|
|a 205 s. :
|b fotogr., ilustr.
|
| 653 |
0 |
|
|a Menšík, Vladimír 1929-1988
|a čeští herci
|
| 700 |
1 |
|
|a Menšíková, Olga,
|d 1930-
|7 mzk2003171516
|
| 856 |
4 |
1 |
|u http://www.digitalniknihovna.cz/mzk/uuid/uuid:6ef28be0-9ba3-11e2-9a9f-005056827e51
|y Digitalizovaný dokument
|
| 910 |
|
|
|a BOA001
|b 1-0996.070
|b PK-0120.119
|
| 920 |
|
|
|a 000093079
|
| 964 |
|
|
|a Menšík, Vladimír - vzpomínky vlastní
|
| 990 |
|
|
|a BK
|
| 996 |
6 |
|
|b 2610005264
|c 1-0996.070
|l MZK
|r Sklad / do 1 hodiny
|n 5
|p p.v.
|w 000011563
|u 000010
|a 1
|e BOA001
|j MZK50
|s P
|
| 996 |
7 |
|
|b 3119969584
|c PK-0120.119
|l MZK
|r Sklad / do 1 hodiny
|n 8
|w 000011563
|u 000020
|a 1
|e BOA001
|j MZK50
|s A
|